Stories of Vikramaditya (Record no. 82855)

MARC details
000 -LEADER
fixed length control field 00556nam a2200217Ia 4500
003 - CONTROL NUMBER IDENTIFIER
control field OSt
005 - DATE AND TIME OF LATEST TRANSACTION
control field 20260218092356.0
008 - FIXED-LENGTH DATA ELEMENTS--GENERAL INFORMATION
fixed length control field 210210b1973 xxu||||| |||| 00| 0 eng d
040 ## - CATALOGING SOURCE
Transcribing agency AL
041 ## - LANGUAGE CODE
Language code of text/sound track or separate title English
082 ## - DEWEY DECIMAL CLASSIFICATION NUMBER
Classification number 820.301 DIWS
100 ## - MAIN ENTRY--PERSONAL NAME
Personal name Diwakar R R
9 (RLIN) 255469
245 ## - TITLE STATEMENT
Title Stories of Vikramaditya
260 ## - PUBLICATION, DISTRIBUTION, ETC.
Place of publication, distribution, etc. Bombay.
Name of publisher, distributor, etc. Bharatiya Vidyabhavana
Date of publication, distribution, etc. 1973
300 ## - PHYSICAL DESCRIPTION
Extent 152
650 ## - SUBJECT ADDED ENTRY--TOPICAL TERM
Topical term or geographic name entry element Vetala Betala Stories
9 (RLIN) 255470
690 ## - LOCAL SUBJECT ADDED ENTRY--TOPICAL TERM (OCLC, RLIN)
Topical term or geographic name as entry element Indian English Fiction
9 (RLIN) 255471
700 ## - ADDED ENTRY--PERSONAL NAME
Personal name Ramakrishnan S Ed
9 (RLIN) 255472
906 ## - LOCAL DATA ELEMENT F, LDF (RLIN)
a 031749
942 ## - ADDED ENTRY ELEMENTS (KOHA)
Source of classification or shelving scheme Dewey Decimal Classification
Koha item type Book
Holdings
Withdrawn status Lost status Source of classification or shelving scheme Damaged status Not for loan Collection code Home library Current library Date acquired Cost, normal purchase price Total Checkouts Full call number Barcode Date last seen Price effective from Koha item type
    Dewey Decimal Classification     English St Aloysius Library St Aloysius Library 02/17/2021 4.00   820.301 DIWS 031749 02/17/2021 02/17/2021 Book